Kandidátské státy EU: Malta

Malta zahájila oficiálne rozhovory o pristúpení k EÚ. Celkové hodnotenie plnenia Kodaňských politických a ekonomických kritérií Malty.

Na minha lista:
Detalhes bibliográficos
Autor principal: Lukáš, Zdeněk
Formato: Capítulo de Livro
Idioma:tcheco
Assuntos:
Tags: Adicionar Tag
Sem tags, seja o primeiro a adicionar uma tag!

MARC

LEADER 00000naa a2200000 4500
001 r039726
005 20230920101218.9
041 0 |a cze 
044 |a CZ 
245 1 0 |a Kandidátské státy EU: Malta  |c Zdeněk Lukáš 
520 |a Malta zahájila oficiálne rozhovory o pristúpení k EÚ. Celkové hodnotenie plnenia Kodaňských politických a ekonomických kritérií Malty. 
610 2 0 |a Malta 
610 2 0 |a situácia hospodárska 
610 2 0 |a Európska únia 
610 2 0 |a ukazovatele ekonomické 
610 2 0 |a spolupráca hospodárska medzinárodná 
100 1 |a Lukáš, Zdeněk